000 00307cam a22001097a 4500
008 180718b1973 xxu||||| |||| 00| 0 eng d
082 _aW7x54 In2
245 _aReport of the insat task force
_cby Planning Commission
260 _a
_bPlanning Commission
_c1973
300 _av.p.
700 _aPlanning Commission
999 _c498674
_d498674